000 01980nam a2200325 a 4500
005 20200104041547.0
008 130808b2004 ck ||||| |||| 00| 0 spa d
041 _aspa
090 _aIAVH
_b00225
100 1 0 _aHernandez P., Sarah
_927317
245 1 _aSíntesis de la información bibliográfica secundaria (textos técnicos y serie de datos), como insumo al diagnóstico biofísico-socioeconómico-histórico-cultural, del santuario de fauna y flora de Iguaque y de la cuenca del río Iguaque-Cane
260 _aVilla de Leyva
_bInstituto Alexander von Humboldt
_c2004
300 _a215 p.
500 _aBibliografías Flora y Fauna, Iguaque y cuencia del Rio Iguaque-Cne
520 _aContiene información relacionda con el diseño y la implementación de incentivos para la conservación y uso sostenible de la diversidad biológica. Contiene un análisis macroeconómico de las políticas y su incidencia en materia de conservación y uso de la biodiversidad para identificar aquellas variables de mayor incidencia en el entorno institucional sobre el cual los actores toman decisiones. También incluye un análisis microeconómico del comportamiento de los actores sociales enfrentados a una elección frente a la utilización y manejo de los recursos asociados a la diversidad biológica. Posee una caracterización biofísica, biológica y socioeconómica del área de estudio y unas conclusiones sobre su diagnóstico
650 _aFauna amenazada
_91355
650 _aAves
_927318
650 _aFauna
_vBibliografías
_zIguaque
_927319
650 _aFlora
_vBibliografías
_zIguaque
_927320
650 _aConservación de la biodiversidad
_956
650 _aEspecies amenazadas
_9157
650 _aListas rojas UICN
_91359
650 _aExtinción
_91360
650 _aAvifauna
_927323
700 _aRuiz, Cesar A.
_91361
700 _aMurtinho, Felipe
_91362
700 _aRodríguez, Jean Carlos
_91343
942 _cINFORME
_2z
945 _d2004-08-31
999 _c4136
_d4136